000 01017cam a2200277a 44500
003 OSt
005 20150408113744.0
008 030308s1998 su g 00000 ara dd
020 _a9960758125
040 _aSA-RiAUC
_bara
_cSA-RiAUC
041 _aعربي
043 _aar-----
072 0 _a065
_xالصناعات
082 0 4 _a686.209 ج ى ط
092 _a686.209
_bج ى ط
100 1 _aجنيد، يحيى محمود.
_92318
245 1 2 _aالطباعة في شبه الجزيرة العربية في القرن التاسع عشر ميلادي (1297-1317هـ) /
_cيحيى محمود بن جنيد.
250 _aط. 1.
260 _aالرياض
_bدار أجا،
_c1418] 1998 أو 1419]
300 _a167 ص. ؛
_c24 سم. 7
650 _aالطباعة
_xتاريخ
_2aucsh. 7
_92319
650 _aالطباعة
_zشبه الجزيرة العربية
_xتاريخ
_2aucsh. 7
_92320
650 _aالنشر
_2aucsh. 7
_92321
650 _aالكتب
_xصناعة وتجارة
_2aucsh.\\
_92322
942 _2ddc
_cBOOK
999 _c3198
_d237698